Rhyme Time - French - Statistics

General Stats
  • This quiz has been taken 66 times
  • The average score is 5 of 16
Answer Stats
French English % Correct
Nouvelle chaussure New shoe
88%
Haricot vert Green bean
80%
Or audacieux Bold gold
57%
Texte suivant Next text
52%
Coréen européen Korean European
45%
Mauvaise porte Poor door
45%
Baie gay Gay bay
30%
slave suave Suave Slav
23%
Jeu boiteux Lame game
20%
Gravier de voyage Travel gravel
13%
Réfrigérant belligérant Belligerent refrigerant
3%
Arbitre fatigué Tired umpire
3%
Grand compagnon Great mate
2%
Moelleux compagnon Mellow fellow
2%
Précipitant impuissant Impotent precipitant
0%
Différend minute Minute dispute
0%
No matching quizzes found
Score Distribution
Percent of People with Each Score
Percentile by Number Answered
Your Score History
You have not taken this quiz